000 00676nam a2200301Ia 4500
005 20260401122359.0
008 008 250103s9999 xx 000 0 eng d
020 _a203129385
037 _aTB
040 _aEDL
040 _beng
040 _cEDL
041 _2eng
041 _aeng
084 _a390 DOU
084 _qEDL
100 _aDouglas, Mary
_91232941
245 0 _aPurity and Danger: Analysis of the Concepts of Pollution and Taboo
245 0 _cDouglas, Mary
260 _aLondon
260 _bRoutledge
260 _c1966
300 _a193p
942 _cTB
942 _h390 DOU
999 _c1846907
_d1846907